00460nam a22001577a 450000500170000001000140001702000260003103500130005703700130007008200110008310000160009424500350011026000810014527000470022630000290027320100812113457.0 aENG-99732 c143.00a9788172087128 aEN-83264 bDBAD/PUB a230.35 aBruce, Rita aVision of Sai /cby Rita Bruce aPrasanthi NilayambSri Sathya Sai Sadhana Trust, Publications Divisionc2009 bAndhra Pradeshe515134aAnantapur District aPt-1 (328p.)c21cm (pbk)